Biggest Countries Without A River - Statistics

General Stats
  • This quiz has been taken 22 times
    12 since last reset
  • The average score is 6 of 10
Answer Stats
Hint Answer % Correct
868,730 sqmi Saudi Arabia
91%
6,880 sqmi Kuwait
82%
119,499 sqmi Oman
82%
32,278 sqmi United Arab Emirates
82%
214,287 sqmi Yemen
82%
679,362 sqmi Libya
73%
4,416 sqmi Qatar
64%
313 sqmi Kiribati
45%
5,538 sqmi Bahamas
18%
785 sqmi Comoros
18%
No matching quizzes found
Score Distribution
Percent of People with Each Score
Percentile by Number Answered
Your Score History
You have not taken this quiz since the last reset